[Event "Landesliga Sued 1415"]
[Site "Bayern"]
[Date "2014.11.09"]
[Round "2.8"]
[White "Rasch, Gerhard"]
[Black "Walch, Ingo"]
[Result "1-0"]
[WhiteElo "2006"]
[BlackElo "2027"]
[PlyCount "85"]
[EventDate "2014.10.19"]
[EventType "team-tourn"]
[EventRounds "9"]
[EventCountry "GER"]
[SourceTitle "EXT 2018"]
[Source "ChessBase"]
[SourceDate "2017.10.13"]
[SourceVersion "1"]
[SourceVersionDate "2017.10.13"]
[SourceQuality "1"]
[WhiteTeam "Muenchen Tarrasch"]
[BlackTeam "Rottal"]
[WhiteTeamCountry "GER"]
[BlackTeamCountry "GER"]

1. c4 g6 2. Nc3 Bg7 3. g3 Nf6 4. Bg2 0-0 5. d3 d6 6. e4 Nc6 7. Nge2 Rb8 8. 0-0 a6 9. b3 Nd7 10. Be3 e5 11. Nd5 Ne7 12. Rc1 c5 13. Qd2 Nxd5 14. cxd5 b5 15. b4 cxb4 16. Qxb4 Nf6 17. Rc6 Ne8 18. d4 a5 19. Qd2 Bd7 20. Rc2 f6 21. Rfc1 Rf7 22. f4 Bf8 23. Kh1 b4 24. Rb2 Bc8 25. Ng1 Rc7 26. Rf1 Re7 27. fxe5 dxe5 28. dxe5 fxe5 29. Bg5 Nd6 30. Bxe7 Bxe7 31. Rc2 Ba6 32. Re1 a4 33. Nf3 b3 34. axb3 axb3 35. Rcc1 Nc4 36. Qf2 b2 37. Rb1 Qa5 38. Qa7 Rb7 39. Qa8+ Kg7 40. Bf1 Bb4 41. Bxc4 Qa3 42. Rf1 Rf7 43. Qxa6 1-0

[Event "Landesliga Sued 1213"]
[Site "Bayern"]
[Date "2013.03.17"]
[Round "8.4"]
[White "Wagner, Hans2222"]
[Black "Rasch, Gerhard"]
[Result "0-1"]
[WhiteElo "2147"]
[BlackElo "2016"]
[PlyCount "50"]
[EventDate "2012.10.14"]
[EventType "team-tourn"]
[EventRounds "9"]
[EventCountry "GER"]
[SourceTitle "EXT 2015"]
[Source "ChessBase"]
[SourceDate "2014.11.20"]
[SourceVersion "1"]
[SourceVersionDate "2014.11.20"]
[SourceQuality "1"]
[WhiteTeam "Rottal"]
[BlackTeam "Muenchen Tarrasch II"]
[WhiteTeamCountry "GER"]
[BlackTeamCountry "GER"]

1. d4 d5 2. c4 c6 3. Nf3 Nf6 4. e3 Bf5 5. Nc3 e6 6. Qb3 Qb6 7. c5 Qc7 8. Nh4 Bg4 9. h3 Bh5 10. g4 Bg6 11. g5 Nh5 12. Nxg6 hxg6 13. Bd2 Nd7 14. 0-0-0 b6 15. cxb6 axb6 16. Kb1 Be7 17. h4 0-0 18. Rc1 Qa7 19. e4 b5 20. exd5 exd5 21. Be3 Nb6 22. Be2 Nc4 23. Bf3 Qd7 24. Qc2 Ba3 25. Nd1 Bxb2 0-1

[Event "Landesliga Sued 1213"]
[Site "Bayern"]
[Date "2013.01.13"]
[Round "5.3"]
[White "Egger, Thomas"]
[Black "Rasch, Gerhard"]
[Result "1-0"]
[WhiteElo "2184"]
[BlackElo "2016"]
[PlyCount "73"]
[EventDate "2012.10.14"]
[EventType "team-tourn"]
[EventRounds "9"]
[EventCountry "GER"]
[SourceTitle "EXT 2015"]
[Source "ChessBase"]
[SourceDate "2014.11.20"]
[SourceVersion "1"]
[SourceVersionDate "2014.11.20"]
[SourceQuality "1"]
[WhiteTeam "Krumbach"]
[BlackTeam "Muenchen Tarrasch II"]
[WhiteTeamCountry "GER"]
[BlackTeamCountry "GER"]

1. Nf3 d5 2. g3 g6 3. Bg2 Bg7 4. d4 Nf6 5. c4 c6 6. cxd5 cxd5 7. Qb3 0-0 8. Nc3 Nc6 9. Bg5 e6 10. 0-0 h6 11. Bxf6 Bxf6 12. Rad1 Na5 13. Qc2 Bd7 14. e4 Rc8 15. exd5 exd5 16. Ne5 Bf5 17. Qd2 Nc4 18. Nxc4 Rxc4 19. Nxd5 Bg7 20. Qe2 Rxd4 21. Rxd4 Bxd4 22. Ne7+ Kh7 23. Nxf5 gxf5 24. b3 b6 25. Bh3 f4 26. Qe4+ Kh8 27. Qxf4 Qf6 28. Qe4 a5 29. Bf5 Rd8 30. Re1 Bc5 31. Re2 Qd4 32. Qf3 Rd6 33. Kg2 Rf6 34. g4 Bd6 35. Re1 Qd2 36. Re8+ Kg7 37. Qa8 1-0

[Event "Landesliga Sued 1112"]
[Site "Bayern"]
[Date "2012.04.15"]
[Round "9.5"]
[White "Urankar, Hans Peter"]
[Black "Rasch, Gerhard"]
[Result "1/2-1/2"]
[WhiteElo "2150"]
[BlackElo "2031"]
[PlyCount "50"]
[EventDate "2011.10.02"]
[EventType "team-tourn"]
[EventRounds "9"]
[EventCountry "GER"]
[SourceTitle "EXT 2015"]
[Source "ChessBase"]
[SourceDate "2014.11.20"]
[SourceVersion "1"]
[SourceVersionDate "2014.11.20"]
[SourceQuality "1"]
[WhiteTeam "Unterhaching"]
[BlackTeam "Muenchen Tarrasch II"]
[WhiteTeamCountry "GER"]
[BlackTeamCountry "GER"]

1. d4 d5 2. Bf4 Nf6 3. e3 e6 4. Nf3 Bd6 5. Bg3 0-0 6. Nbd2 b6 7. c3 Bb7 8. Qc2 c5 9. Bd3 h6 10. 0-0 Bxg3 11. hxg3 Nc6 12. Bb5 Ne7 13. Ne5 Rc8 14. Qd3 Nf5 15. Qe2 Nd6 16. Bd3 Nd7 17. f4 Ne4 18. Nxe4 dxe4 19. Bb5 Nxe5 20. dxe5 Rc7 21. Rfd1 Qc8 22. Bc4 Rd8 23. Rxd8+ Qxd8 24. Bb5 Qc8 25. Rd1 a6 1/2-1/2

[Event "Landesliga Sued 1112"]
[Site "Bayern"]
[Date "2012.03.18"]
[Round "8.2"]
[White "Altmann, Christoph"]
[Black "Rasch, Gerhard"]
[Result "1/2-1/2"]
[WhiteElo "2042"]
[BlackElo "2031"]
[PlyCount "45"]
[EventDate "2011.10.02"]
[EventType "team-tourn"]
[EventRounds "9"]
[EventCountry "GER"]
[SourceTitle "EXT 2015"]
[Source "ChessBase"]
[SourceDate "2014.11.20"]
[SourceVersion "1"]
[SourceVersionDate "2014.11.20"]
[SourceQuality "1"]
[WhiteTeam "Sendling"]
[BlackTeam "Muenchen Tarrasch II"]
[WhiteTeamCountry "GER"]
[BlackTeamCountry "GER"]

1. d4 d5 2. Bf4 Nf6 3. e3 c6 4. c4 e6 5. Nc3 Bd6 6. Bg5 Nbd7 7. Nf3 Qa5 8. Bxf6 Nxf6 9. Qc2 0-0 10. Bd3 dxc4 11. Bxc4 b5 12. Bb3 c5 13. dxc5 Bxc5 14. 0-0 Bb7 15. Rac1 Rac8 16. Qb1 b4 17. Ne2 Bd6 18. Rxc8 Rxc8 19. Rc1 Rf8 20. Ng3 Bxg3 21. hxg3 Qh5 22. Nh2 a5 23. Bd1 1/2-1/2

[Event "Landesliga Sued 1112"]
[Site "Bayern"]
[Date "2011.12.11"]
[Round "4.3"]
[White "Rasch, Gerhard"]
[Black "Jussupow, Ekaterina"]
[Result "0-1"]
[WhiteElo "2031"]
[BlackElo "2178"]
[PlyCount "52"]
[EventDate "2011.10.02"]
[EventType "team-tourn"]
[EventRounds "9"]
[EventCountry "GER"]
[SourceTitle "EXT 2013"]
[Source "ChessBase"]
[SourceDate "2012.11.22"]
[SourceVersion "1"]
[SourceVersionDate "2012.11.22"]
[SourceQuality "1"]
[WhiteTeam "Muenchen Tarrasch II"]
[BlackTeam "Krumbach"]
[WhiteTeamCountry "GER"]
[BlackTeamCountry "GER"]

1. c4 Nf6 2. g3 e6 3. Bg2 d5 4. Nf3 dxc4 5. Qa4+ Nbd7 6. 0-0 c5 7. Qxc4 b6 8. d3 Bb7 9. Bg5 Be7 10. Nbd2 0-0 11. a4 a6 12. Rfd1 h6 13. Bf4 Nd5 14. Ne5 Bf6 15. Ndf3 Nxf4 16. gxf4 Rc8 17. Nxd7 Qxd7 18. Ne5 Qc7 19. Bxb7 Qxb7 20. Rab1 Rfd8 21. Nf3 b5 22. axb5 axb5 23. Qb3 Qb8 24. f5 exf5 25. Ra1 Re8 26. Rd2 c4 0-1

[Event "Landesliga Sued 1011"]
[Site "Bayern"]
[Date "2010.11.14"]
[Round "3.8"]
[White "Rasch, Gerhard"]
[Black "Tafertshofer, Matthias"]
[Result "1-0"]
[WhiteElo "2015"]
[BlackElo "1840"]
[PlyCount "73"]
[EventDate "2010.10.10"]
[EventType "team-tourn"]
[EventRounds "9"]
[EventCountry "GER"]
[SourceTitle "EXT 2012"]
[Source "ChessBase"]
[SourceDate "2011.11.24"]
[SourceVersion "1"]
[SourceVersionDate "2011.11.24"]
[SourceQuality "1"]
[WhiteTeam "Muenchen Tarrasch II"]
[BlackTeam "Weilheim"]
[WhiteTeamCountry "GER"]
[BlackTeamCountry "GER"]

1. c4 b6 2. Nf3 e6 3. g3 Bb7 4. Bg2 Nf6 5. 0-0 d5 6. d4 Bd6 7. cxd5 exd5 8. Nc3 a6 9. Qb3 0-0 10. Nh4 c6 11. Bg5 Nbd7 12. e4 dxe4 13. Nxe4 Be7 14. Nf5 h6 15. Nxe7+ Qxe7 16. Nxf6+ Nxf6 17. Bxf6 Qxf6 18. Qxb6 Rab8 19. b3 Ba8 20. Qxa6 Qxd4 21. Rfd1 Qf6 22. Rac1 Rbc8 23. Rc5 Rc7 24. Rdc1 Rfc8 25. b4 Qd6 26. b5 Qd3 27. Bf1 Qd7 28. b6 Rb7 29. a4 Rbb8 30. a5 Bb7 31. Qc4 Ra8 32. Qc3 Kf8 33. Bg2 f6 34. Be4 Qd6 35. Bxc6 Bxc6 36. Rxc6 Rxc6 37. Qxc6 1-0

[Event "Regionalliga SW 0809"]
[Site "Bayern"]
[Date "2009.02.01"]
[Round "6.7"]
[White "Froehlich, Rainer"]
[Black "Rasch, Gerhard"]
[Result "1-0"]
[WhiteElo "1908"]
[BlackElo "2078"]
[PlyCount "55"]
[EventDate "2008.10.05"]
[EventType "team-tourn"]
[EventRounds "9"]
[EventCountry "GER"]
[SourceTitle "EXT 2020"]
[Source "ChessBase"]
[SourceDate "2019.10.17"]
[SourceVersion "1"]
[SourceVersionDate "2019.10.17"]
[SourceQuality "1"]
[WhiteTeam "Sonthofen"]
[BlackTeam "Muenchen Tarrasch II"]
[WhiteTeamCountry "GER"]
[BlackTeamCountry "GER"]

1. c4 g6 2. Nc3 c5 3. g3 Bg7 4. Bg2 Nc6 5. Nf3 Nf6 6. 0-0 0-0 7. d4 cxd4 8. Nxd4 Nxd4 9. Qxd4 d6 10. Qd2 Rb8 11. b3 Bd7 12. Bb2 b5 13. cxb5 Bxb5 14. Nxb5 Rxb5 15. Rac1 d5 16. Rfd1 e6 17. Qd3 Qb8 18. Be5 Qb6 19. Bc7 Qb7 20. Bd6 Rd8 21. Bf4 Ne8 22. Rc2 Rb4 23. Rdc1 e5 24. Be3 a5 25. Bc5 Rb5 26. e4 d4 27. Bf1 Bh6 28. Qxb5 1-0

[Event "Regionalliga SW 0809"]
[Site "Bayern"]
[Date "2009.01.18"]
[Round "5.7"]
[White "Dihm, Daniel"]
[Black "Rasch, Gerhard"]
[Result "1/2-1/2"]
[WhiteElo "1864"]
[BlackElo "2078"]
[PlyCount "87"]
[EventDate "2008.10.05"]
[EventType "team-tourn"]
[EventRounds "9"]
[EventCountry "GER"]
[SourceTitle "EXT 2020"]
[Source "ChessBase"]
[SourceDate "2019.10.17"]
[SourceVersion "1"]
[SourceVersionDate "2019.10.17"]
[SourceQuality "1"]
[WhiteTeam "Garching II"]
[BlackTeam "Muenchen Tarrasch II"]
[WhiteTeamCountry "GER"]
[BlackTeamCountry "GER"]

1. Nf3 d5 2. d4 c6 3. c4 e6 4. e3 Nf6 5. Nc3 Nbd7 6. Bd3 dxc4 7. Bxc4 b5 8. Bd3 a6 9. e4 c5 10. e5 cxd4 11. Ne4 Nd5 12. 0-0 Qb6 13. Re1 Be7 14. Bg5 f6 15. exf6 gxf6 16. Bh6 e5 17. Nh4 Nf8 18. Qh5+ Kd8 19. Nf5 Bxf5 20. Qxf5 Qe6 21. Ng3 Qxf5 22. Bxf5 Ra7 23. Bd2 Ng6 24. Rac1 Ke8 25. Rc8+ Bd8 26. Ne4 Ke7 27. Rc5 Nb6 28. Bb4 Kf7 29. Rc6 Kg7 30. Bc5 Rb7 31. Nxf6 Bxf6 32. Rxb6 Rxb6 33. Bxb6 Ne7 34. Be6 Re8 35. Bd7 Rb8 36. Bc5 Rd8 37. Bg4 Nd5 38. g3 Kg6 39. Bf3 h6 40. Be4+ Kf7 41. Bf5 Ne7 42. Bxe7 Kxe7 43. Bd3 Kd6 44. Kg2 1/2-1/2

[Event "Regionalliga SW 0708"]
[Site "Bayern"]
[Date "2007.12.09"]
[Round "4.6"]
[White "Rasch, Gerhard"]
[Black "Callenberg, Ralf"]
[Result "1-0"]
[WhiteElo "2112"]
[BlackElo "2022"]
[PlyCount "109"]
[EventDate "2007.10.21"]
[EventType "team-tourn"]
[EventRounds "9"]
[EventCountry "GER"]
[SourceTitle "EXT 2009"]
[Source "ChessBase"]
[SourceDate "2008.11.26"]
[SourceVersion "1"]
[SourceVersionDate "2008.11.26"]
[SourceQuality "1"]
[WhiteTeam "Muenchen Tarrasch II"]
[BlackTeam "Zugzwang MSA"]
[WhiteTeamCountry "GER"]
[BlackTeamCountry "GER"]

1. c4 Nf6 2. g3 g6 3. Bg2 d5 4. cxd5 Nxd5 5. Nc3 Nxc3 6. bxc3 Bg7 7. Nf3 0-0 8. 0-0 c5 9. d4 Nc6 10. e3 Qa5 11. Qb3 Rb8 12. Nd2 cxd4 13. exd4 Bf5 14. Re1 Qa6 15. Ba3 Rfe8 16. Ne4 Na5 17. Qa4 b5 18. Qd1 Nc4 19. Bc5 Bxe4 20. Bxe4 e5 21. Bg2 Nb2 22. Qe2 Na4 23. Bb4 Qc8 24. Qd2 exd4 25. Rxe8+ Qxe8 26. cxd4 Qd7 27. Rd1 Rc8 28. d5 Rc4 29. a3 Rd4 30. Qe1 Rxd1 31. Qxd1 Nb2 32. Qe2 Nc4 33. Qe1 Bd4 34. Qe4 Bf6 35. Bf1 Nb6 36. d6 a6 37. Bg2 Kg7 38. Qc6 Bd4 39. Qxd7 Nxd7 40. Bb7 Be5 41. Bxa6 Kf8 42. Bxb5 Ke8 43. a4 Kd8 44. Ba5+ Kc8 45. Bb4 Bd4 46. Kf1 Nc5 47. Ke2 f5 48. Bc6 Nd7 49. f4 Bg1 50. h3 Nb8 51. Bb5 Bb6 52. a5 Ba7 53. a6 Bb6 54. Kd3 Nd7 55. Kc4 1-0

[Event "Regionalliga SW 0304"]
[Site "Bayern"]
[Date "2004.04.25"]
[Round "9.2"]
[White "Klenk, Robert"]
[Black "Rasch, Gerhard"]
[Result "1/2-1/2"]
[WhiteElo "2087"]
[BlackElo "2086"]
[PlyCount "43"]
[EventDate "2003.10.??"]
[EventType "team"]
[EventRounds "9"]
[EventCountry "GER"]
[SourceTitle "EXT 2006"]
[Source "ChessBase"]
[SourceDate "2005.11.24"]
[SourceVersion "1"]
[SourceVersionDate "2005.11.24"]
[SourceQuality "1"]
[WhiteTeam "Bayern Muenchen III"]
[BlackTeam "Burlafingen"]
[WhiteTeamCountry "GER"]
[BlackTeamCountry "GER"]

1. e4 e6 2. d4 d5 3. Nc3 Bb4 4. e5 c5 5. a3 Bxc3+ 6. bxc3 Ne7 7. Qg4 0-0 8. Bd3 Qa5 9. Bd2 Qa4 10. Nf3 c4 11. Bxh7+ Kxh7 12. Qh4+ Kg8 13. Qxe7 Nc6 14. Qh4 Qxc2 15. 0-0 b5 16. Rac1 Qg6 17. Rfe1 Re8 18. Re3 Ne7 19. Qh3 Nf5 20. Nh4 Qh7 21. Nxf5 Qxh3 22. Rxh3 1/2-1/2

[Event "Regionalliga SW 0102"]
[Site "Bayern"]
[Date "2002.04.14"]
[Round "8.3"]
[White "Rasch, Gerhard"]
[Black "Wiest, Leonhard"]
[Result "1-0"]
[WhiteElo "2090"]
[BlackElo "2080"]
[PlyCount "71"]
[EventDate "2001.10.07"]
[EventType "team"]
[EventRounds "9"]
[EventCountry "GER"]
[SourceTitle "EXT 2003"]
[Source "ChessBase"]
[SourceDate "2002.11.25"]
[SourceVersion "1"]
[SourceVersionDate "2002.11.25"]
[SourceQuality "1"]
[WhiteTeam "Burlafingen"]
[BlackTeam "Lauingen"]
[WhiteTeamCountry "GER"]
[BlackTeamCountry "GER"]

1. c4 Nf6 2. Nf3 g6 3. g3 Bg7 4. Bg2 0-0 5. Nc3 d6 6. 0-0 e5 7. d4 Nbd7 8. e3 c6 9. Qc2 Qe7 10. b3 Re8 11. Ba3 c5 12. dxc5 dxc5 13. Rad1 a6 14. Nd5 Nxd5 15. cxd5 Qd6 16. Nd2 f5 17. e4 f4 18. Nf3 h6 19. gxf4 exf4 20. e5 Bxe5 21. Nxe5 Rxe5 22. Bb2 Rg5 23. h4 Rf5 24. Qc3 Qe5 25. Qc2 Qe7 26. Rfe1 Qxh4 27. Re8+ Kf7 28. Qe2 Ne5 29. Rxe5 f3 30. Rxf5+ Bxf5 31. Qxf3 Re8 32. d6 Kg8 33. Qc3 Kf7 34. Qg7+ Ke6 35. d7 Re7 36. d8N# 1-0

[Event "Regionalliga SW 0102"]
[Site "Bayern"]
[Date "2001.10.07"]
[Round "1.3"]
[White "Rasch, Gerhard"]
[Black "Ahmann, Niki"]
[Result "0-1"]
[WhiteElo "2090"]
[BlackElo "2040"]
[PlyCount "58"]
[EventDate "2001.10.07"]
[EventType "team"]
[EventRounds "9"]
[EventCountry "GER"]
[SourceTitle "EXT 2003"]
[Source "ChessBase"]
[SourceDate "2002.11.25"]
[SourceVersion "1"]
[SourceVersionDate "2002.11.25"]
[SourceQuality "1"]
[WhiteTeam "Burlafingen"]
[BlackTeam "Unterhaching"]
[WhiteTeamCountry "GER"]
[BlackTeamCountry "GER"]

1. c4 d6 2. g3 g6 3. Bg2 Bg7 4. Nf3 e5 5. Nc3 f5 6. d3 Nf6 7. Bg5 h6 8. Bxf6 Qxf6 9. Nd5 Qf7 10. Nh4 Na6 11. Qc2 c6 12. Nc3 g5 13. Nf3 0-0 14. 0-0-0 Be6 15. Nd2 d5 16. Qb3 d4 17. Ncb1 Rab8 18. Qa3 Rfc8 19. b3 Bf8 20. Qb2 b5 21. f4 e4 22. Qxd4 Bg7 23. Qe3 Qf6 24. d4 c5 25. fxg5 hxg5 26. h4 cxd4 27. Qxg5 Qxg5 28. hxg5 e3 29. Nf3 bxc4 0-1

[Event "Regionalliga SW 0001"]
[Site "Bayern"]
[Date "2001.04.01"]
[Round "8"]
[White "Rasch, Gerhard"]
[Black "Wiest, Leonhard"]
[Result "1/2-1/2"]
[WhiteElo "2060"]
[BlackElo "1990"]
[PlyCount "137"]
[EventDate "2000.10.15"]
[EventType "team-tourn"]
[EventRounds "9"]
[EventCountry "GER"]
[SourceTitle "EXT 2020"]
[Source "ChessBase"]
[SourceDate "2019.10.17"]
[SourceVersion "1"]
[SourceVersionDate "2019.10.17"]
[SourceQuality "1"]
[WhiteTeam "Burlafingen"]
[BlackTeam "Lauingen"]
[WhiteTeamCountry "GER"]
[BlackTeamCountry "GER"]

1. c4 e6 2. g3 d5 3. Bg2 c6 4. b3 dxc4 5. bxc4 Qd4 6. Nc3 Qxc4 7. Nf3 Nf6 8. 0-0 Qb4 9. a4 Qa5 10. Qb3 Nbd7 11. d4 Be7 12. Bd2 0-0 13. e4 Bb4 14. Rab1 Bxc3 15. Bxc3 Qd8 16. Rfe1 b6 17. Bb4 c5 18. Ba3 Re8 19. dxc5 bxc5 20. Rbc1 Qa5 21. Qb5 Qxb5 22. axb5 Rb8 23. Bxc5 Nxc5 24. Rxc5 Bd7 25. e5 Nd5 26. Nd4 Nb4 27. Re3 Rec8 28. Rec3 Kf8 29. f4 Ke8 30. R3c4 Rxc5 31. Rxc5 Kd8 32. Be4 Rc8 33. Nc6+ Bxc6 34. bxc6 Kc7 35. g4 Kb6 36. Rc3 Nxc6 37. Bxh7 g6 38. f5 gxf5 39. gxf5 Rh8 40. Rh3 Nxe5 41. fxe6 fxe6 42. Rh6 Nf3+ 43. Kg2 Ng5 44. Rg6 Nxh7 45. Rxe6+ Kb5 46. Re5+ Kc6 47. Re6+ Kd7 48. Rg6 Re8 49. Ra6 Ra8 50. h4 Kc7 51. Kf3 Kb7 52. Ra2 a5 53. Ke4 Kb6 54. Ke5 Rc8 55. Rb2+ Ka6 56. h5 a4 57. Rg2 Ka5 58. Rg7 Nf8 59. Ra7+ Kb4 60. Rb7+ Ka3 61. h6 Rc6 62. Rf7 Ne6 63. Kd5 Ng5 64. Rg7 Re6 65. Kc5 Rxh6 66. Rxg5 Rh2 67. Kb5 Rh4 68. Rg3+ Kb2 69. Rg2+ 1/2-1/2

[Event "Regionalliga SW 0001"]
[Site "Bayern"]
[Date "2001.03.11"]
[Round "7"]
[White "Rasch, Gerhard"]
[Black "Mueller, Carsten"]
[Result "1-0"]
[WhiteElo "2060"]
[BlackElo "1671"]
[PlyCount "63"]
[EventDate "2000.10.15"]
[EventType "team-tourn"]
[EventRounds "9"]
[EventCountry "GER"]
[SourceTitle "EXT 2020"]
[Source "ChessBase"]
[SourceDate "2019.10.17"]
[SourceVersion "1"]
[SourceVersionDate "2019.10.17"]
[SourceQuality "1"]
[WhiteTeam "Burlafingen"]
[BlackTeam "Garching"]
[WhiteTeamCountry "GER"]
[BlackTeamCountry "GER"]

1. c4 g6 2. g3 Bg7 3. Bg2 d6 4. Nf3 Nf6 5. 0-0 0-0 6. Nc3 c6 7. Rb1 d5 8. cxd5 cxd5 9. d3 Nc6 10. b4 e6 11. b5 Ne7 12. e3 Nd7 13. d4 Nf5 14. a4 Nb6 15. Ba3 Re8 16. Nd2 Bf8 17. Bxf8 Kxf8 18. a5 Nd7 19. Qa4 h5 20. e4 dxe4 21. Ndxe4 Nf6 22. Rfd1 Nxe4 23. Nxe4 a6 24. b6 Kg7 25. Nc5 Nd6 26. Qa1 Qf6 27. Rbc1 Rb8 28. Ne4 Nxe4 29. Bxe4 Rd8 30. Rc7 Bd7 31. Rxb7 Rbc8 32. Rc7 1-0

[Event "Regionalliga SW 0001"]
[Site "Bayern"]
[Date "2001.02.18"]
[Round "6.6"]
[White "Pleyer, Felix"]
[Black "Rasch, Gerhard"]
[Result "1/2-1/2"]
[WhiteElo "1900"]
[BlackElo "2060"]
[PlyCount "65"]
[EventDate "2000.10.15"]
[EventType "team-tourn"]
[EventRounds "9"]
[EventCountry "GER"]
[SourceTitle "EXT 2020"]
[Source "ChessBase"]
[SourceDate "2019.10.17"]
[SourceVersion "1"]
[SourceVersionDate "2019.10.17"]
[SourceQuality "1"]
[WhiteTeam "Sonthofen"]
[BlackTeam "Burlafingen"]
[WhiteTeamCountry "GER"]
[BlackTeamCountry "GER"]

1. e4 e5 2. d4 exd4 3. Nf3 d6 4. Nxd4 Nf6 5. Nc3 Be7 6. Bc4 0-0 7. Qe2 a6 8. a4 Bd7 9. f3 Nc6 10. Nxc6 Bxc6 11. Be3 Nd7 12. 0-0 Bf6 13. Nd1 Ne5 14. Bb3 Ng6 15. c3 Qe7 16. Nf2 Bg5 17. Nd3 Bxe3+ 18. Qxe3 Rae8 19. Qf2 a5 20. Rfe1 Qd7 21. Rad1 b6 22. Qc2 Qc8 23. Re3 Kh8 24. Rde1 f6 25. Qf2 Qd7 26. Qc2 Ne5 27. Nxe5 fxe5 28. Ra1 Qe7 29. Qf2 Qg5 30. Bc4 Rf4 31. Bb5 Bxb5 32. axb5 Rff8 33. b4 1/2-1/2